Lady Demon #3 /

As she delves deeper into the conspiracy that left her loved ones dead, Violet has her work cut out for her figuring the good guys out from the bad. She'll get no help from Lady Demon, who has her own ideas on how to resolve their current crisis. As the two battle for supremacy, Violet makes a...

Full description

Bibliographic Details
Corporate Author: Library Pass, LLC
Other Authors: Gillespie, Aaron (writer.)
Format: eBook
Language:English
Published: [United States] : Dynamite, 2015.
Subjects:
Online Access:Connect to this electronic book (First time users create your free account)

MARC

Tag First Indicator Second Indicator Subfields
LEADER 00000nmm a22000001a 4500
001 in00004623521
006 m|||||o||m||||||||
007 cr|cn |||uuuuu
008 221118s2015 xxu||||eo|||| ||||||eng d
005 20221207220918.1
035 |a (TxWaIVM)IV58371DyLa 
040 |a TxWaIVM  |c TxWaIVM 
245 0 0 |a Lady Demon #3 /  |c powered by Library Pass. 
260 3 |a [United States] :  |b Dynamite,  |c 2015. 
300 |a 1 online resource. 
336 |a text  |b txt  |2 rdacontent 
337 |a computer  |b c  |2 rdamedia 
338 |a online resource  |b cr  |2 rdacarrier 
520 |a As she delves deeper into the conspiracy that left her loved ones dead, Violet has her work cut out for her figuring the good guys out from the bad. She'll get no help from Lady Demon, who has her own ideas on how to resolve their current crisis. As the two battle for supremacy, Violet makes a shocking discovery that might give Lady Demon the upper hand once and for all.  
521 |a 3 
538 |a Requires a valid library card and registration for new users. 
538 |a Mode of access: World Wide Web. 
538 |a System requirements: Flash 10.1 or higher, Windows XP and higher, Internet Explorer 7 and higher, Firefox 3.6 and higher, Google Chrome; Max OS 10.5 and higher, Safari 4 and higher. 
650 0 |a Horror comic books, strips, etc. 
655 7 |a Electronic books.  |2 local 
655 7 |a Horror comic books, strips, etc.  |2 gsafd 
650 0 |a Comic books, strips, etc. --Mythology 
655 7 |a Comic books, strips, etc. --Mythology  |2 gsafd 
650 0 |a Comic books, strips, etc. --Religion 
655 7 |a Comic books, strips, etc. --Religion  |2 gsafd 
700 1 |a Gillespie, Aaron.  |e writer. 
700 1 |a Andolfo, Mirka.  |e artist. 
710 2 |a Library Pass, LLC. 
856 4 0 |u http://proxy.library.tamu.edu/login?url=https://tamu.librarypass.com/product/com.iversecomics.dynamite.lady.demon.three.english.03102015  |z Connect to this electronic book (First time users create your free account)  |t 0 
955 |a Comics Plus. 
999 f f |s 5e58f838-2df0-4bb6-ac37-c19b428c5d78  |i a8081495-133f-44f2-a219-24b856747a9b  |t 0 
952 f f |a Texas A&M University  |b College Station  |c Electronic Resources  |d Available Online  |t 0  |h Library of Congress classification 
998 f f |t 0  |l Available Online